000 00243nam a2200097Ia 4500
001 680162
005 20250826161336.0
008 250824s9999 xx 000 0 und d
245 0 _aHAVUZ PARTİSİ
_cJUDY DELTON
260 _bGÜNIŞIĞI KİTAPLIĞI
999 _c680162
_d680162